000 01322nam0a22002771 4500
001 rc\14300
005 20250612172705.0
035 _a(NLR Aleph) 008752486
090 _a7815926
_c7815926
100 _a20021204d1991 |||y0rusy50 ca
101 0 _arus
102 _aRU
105 _aa |||||||||
200 1 _aАМПУЛЬНЫЕ устройства для облучения образцов материалов корпусов водо-водяных энергетических реакторов в каналах исследовательских реакторов СМ-2 и РБТ-6
_fВ.Н. Шулимов, Р.Р. Мельдер, В.К. Шамардин и др.
210 _aДимитровград
_cНИИАР
_d1991
215 _a[1], 12 с.
_cил.
_d20
225 1 _aПрепринт
_fНИИ атом. реакторов им. В.И. Ленина
_vНИИАР-17 (820)
_iМетодика и техника облучения
320 _aБиблиогр.: с. 12
606 1 _aЯдерные реакторы
_xМатериалы
_xИсследования
_2nlr_sh1
701 1 _aШулимов
_bВ.Н.
_gВиталий Николаевич
801 0 _aRU
_bNLR
_gpsbo
801 1 _aRU
_bELAR
_2rusmarc
801 2 _aRU
_bNLR
_c20050411
_2rusmarc
852 _aNLR
_j91-4/15537
942 _cBOOK
980 _aNB